000 00348nam a2200169Ia 4500
100 _aDoyle/Jeff
650 _aCCIE
250 _a2
942 _cBK
366 _f25
245 _aCCIE professional development:Routing TCP/IP
260 _bCISCO
_c2006
082 _a4.62
_bDOY
300 _a911
546 _aENGLISH
_cInfo.Tech
999 _c21077
_d21077